Normal view
MARC view
- Brig. Dr. Javaid Iqbal Dr. Umar Shahbaz Khan Lec. Usman Asad
Entry Personal Name
001 - CONTROL NUMBER
- control field: 72132
003 - CONTROL NUMBER IDENTIFIER
- control field: NUST
005 - DATE AND TIME OF LATEST TRANSACTION
- control field: 20210628204739.0
008 - FIXED-LENGTH DATA ELEMENTS
- fixed length control field: 210628|| aca||aabn | a|a d
040 ## - CATALOGING SOURCE
- Original cataloging agency: NUST
- Transcribing agency: NUST
100 ## - HEADING--PERSONAL NAME
- Personal name: Brig. Dr. Javaid Iqbal Dr. Umar Shahbaz Khan Lec. Usman Asad
670 ## - SOURCE DATA FOUND
- Source citation: Work cat.: (NUST): NS Amna Jehangir NS Hassaan Baig NS Haider Ali NS Wasay Khan Niazi 72131, PR-SOF-1494-DESIGN AND DEVELOPMENT OF GESTURE CONTROLLED PROSTHETIC LIMB WITH HELP OF A MYO-BOND; CONSTITUTING OF A GRIPPER, WRIST ROTATOR (1DOF) AND ELBOW JOINT, 2016
